فقه الإمام مسروق بن الأجدع المتوفي سنة 63ه / 682م / دراسة مقارنة:
Saved in:
| 主要作者: | |
|---|---|
| 其他作者: | |
| 格式: | Thesis |
| 語言: | Arabic |
| 出版: |
al-Urdun:
Jami'ah al-Bayt,
[199_ ]
|
| 主題: | |
| 標簽: |
添加標簽
沒有標簽, 成為第一個標記此記錄!
|
| LEADER | 019230000a22003130004500 | ||
|---|---|---|---|
| 008 | 120813n199_ jo f 000 0 ara d | ||
| 040 | |a UIAM |b eng | ||
| 041 | |a ara | ||
| 050 | 0 | 4 | |a BP144.7 |
| 100 | 1 | |a عقل، محمد خليل محمد | |
| 242 | 1 | 0 | |a Fiqh al-Imam Masruq ibn al-Ajda' al-mutawaffa sanah 63H/682M : |b dirasah muqaranah |
| 245 | 1 | 0 | |a فقه الإمام مسروق بن الأجدع المتوفي سنة 63ه / 682م / |b دراسة مقارنة: |c إعداد الطالب محمد خليل محمد عقل |
| 260 | |a al-Urdun: |b Jami'ah al-Bayt, |c [199_ ] | ||
| 300 | |a viii, 262 leaves ; |c 30 cm. | ||
| 500 | |a "قدمت هذه لرسالة إستكمالآ لمتطلبات الحصول على درجة الماجستير في الفقه وأصوله في كلية الدراسات الفقهية والقانونية في جامعة آل البيت" --On t.p. | ||
| 502 | |a Thesis (M.A.)--Jami'at Al al-Bayt. | ||
| 504 | |a Includes bibliographical references (leaves 253-262). | ||
| 596 | |a 1 | ||
| 600 | 0 | 0 | |a Masruq ibn al-Ajda', |d d. 683. |x Views on Islamic law |
| 650 | 0 | |a Islamic law |v Comparative studies | |
| 650 | 0 | |a Islamic law |x Interpretation and construction | |
| 655 | 0 | 7 | |a Theses, Facsimile edition (Islamic) |
| 700 | 1 | |a 'Aql, Muhammad Khalil Muhammad | |
| 710 | 2 | |a Jami'at Al al-Bayt. |b Kulliyat al-Dirasat al-Fiqhiyah wa al-Qanuniyah. Qism al-Fiqh wa Usulih | |
| 710 | 2 | |a جامعة آل البيت. |b كلية الدراسات الفقهية والقانونية. قسم الفقه واصوله | |
| 900 | |a arf-sar | ||
| 999 | |c 435592 |d 465691 | ||
| 952 | |0 0 |6 TI BP 000144.7 A655F 199_ |7 0 |8 THESES |9 752699 |a IIUM |b IIUM |c MULTIMEDIA |g 340.00 |o ti BP 144.7 A655F 199_ |p 00011203182 |r 2017-10-23 |t 1 |v 340.00 |y THESIS | ||
| 952 | |0 0 |6 TI BP 000144.7 A655F 199_ |7 0 |8 THESES |9 752700 |a IIUM |b IIUM |c MULTIMEDIA |g 340.00 |o ti BP 144.7 A655F 199_ |p 00011203183 |r 2017-10-23 |t 2 |v 340.00 |y THESIS | ||
